Costos y gestión (Registro nro. 1162)

Detalles MARC
000 -LEADER
fixed length control field 01875 a2200385 4500
001 - CONTROL NUMBER
control field 24195
005 - DATE AND TIME OF LATEST TRANSACTION
control field 20260407155526.0
008 - FIXED-LENGTH DATA ELEMENTS--GENERAL INFORMATION
fixed length control field 260407a2013 arg spa d
003 - CONTROL NUMBER IDENTIFIER
control field AR-UNSa-BCEJYS
040 ## - CATALOGING SOURCE
Original cataloging agency AR-UNSa-BCEJYS
Language of cataloging spa
Transcribing agency AR-UNSa-BCEJYS
080 ## - UNIVERSAL DECIMAL CLASSIFICATION NUMBER
Universal Decimal Classification number 657.47
Common auxiliary subdivision Contabilidad de Costos
020 ## - INTERNATIONAL STANDARD BOOK NUMBER
International Standard Book Number 978-987-716-002-4
041 ## - LANGUAGE CODE
Language code of text/sound track or separate title spa
100 1# - MAIN ENTRY--PERSONAL NAME
Personal name Yardin, Amaro Ramón
245 10 - TITLE STATEMENT
Title Costos y gestión
Name of part/section of a work Una mirada panorámica sobre el tema en Latinoamérica y España
264 #1 - PRODUCTION, PUBLICATION, DISTRIBUTION, MANUFACTURE, AND COPYRIGHT NOTICE
Place of production, publication, distribution, manufacture Buenos Aires :
Name of producer, publisher, distributor, manufacturer Osmar D. Buyatti
Date of production, publication, distribution, manufacture, or copyright notice 2013
300 ## - PHYSICAL DESCRIPTION
Extent 495 p.
Dimensions 22 cm.
505 ## - FORMATTED CONTENTS NOTE
Formatted contents note 1. Marco teórico de la contabilidad de costos - 2. La comprensión de los costos en las organizaciones desde la perspectiva cualitativa - 3. Distintos criterios de clasificación de los costos y su utilidad para la gestión - 4. Decisiones frente a limitaciones en la capacidad de producción - 5. Evitabilidad: un concepto frecuentemente olvidado en los análisis de costos - 6. El método de costeo por absorción y su papel en la formación de los precios - 7. Método de la unidad de esfuerzo de producción - 8. Indicadores y cuadros de mando - 9. La contabilidad de costes en las administraciones públicas: perspectiva española
590 ## - LOCAL NOTE (RLIN)
Local note niveau_biblio:m niveau_hierar:0
700 1# - ADDED ENTRY--PERSONAL NAME
Personal name Asuaga Taran, Carolina
700 1# - ADDED ENTRY--PERSONAL NAME
Personal name Bacic, Miguel Juan
700 1# - ADDED ENTRY--PERSONAL NAME
Personal name Bornia, Antonio Cézar
700 1# - ADDED ENTRY--PERSONAL NAME
Personal name Buendía Carrillo, Dionisio
700 1# - ADDED ENTRY--PERSONAL NAME
Personal name Carrasco Díaz, Daniel
700 1# - ADDED ENTRY--PERSONAL NAME
Personal name Guerreiro, Reinaldo
700 1# - ADDED ENTRY--PERSONAL NAME
Personal name Kaplan, Alfredo
700 1# - ADDED ENTRY--PERSONAL NAME
Personal name Laporta, Ricardo
700 1# - ADDED ENTRY--PERSONAL NAME
Personal name Mallo Rodriguez, Carlos
700 1# - ADDED ENTRY--PERSONAL NAME
Personal name Léon Mesías, Jaime
700 1# - ADDED ENTRY--PERSONAL NAME
Personal name Sánchez Toledano, Daniel
700 1# - ADDED ENTRY--PERSONAL NAME
Personal name Toro, María Luisa
700 1# - ADDED ENTRY--PERSONAL NAME
Personal name Varas, Humberto
856 41 - ELECTRONIC LOCATION AND ACCESS
Uniform Resource Identifier <a href="https://biblioeco.unsa.edu.ar/pmb/images/libros/Costos y Gesti?n.jpg">https://biblioeco.unsa.edu.ar/pmb/images/libros/Costos y Gesti?n.jpg</a>
Link text Imagen de portada
Electronic format type image/jpeg
942 ## - ADDED ENTRY ELEMENTS (KOHA)
Koha item type
Existencias
Withdrawn status Lost status Damaged status Not for loan Home library Current library Shelving location Date acquired Total checkouts Full call number Barcode Date last seen Price effective from Koha item type
        Biblioteca Prof. Eusebio Cleto del Rey Biblioteca Prof. Eusebio Cleto del Rey   07/04/2026   657.47 Y27c L119626 07/04/2026 07/04/2026 Libro
        Biblioteca Prof. Eusebio Cleto del Rey Biblioteca Prof. Eusebio Cleto del Rey   07/04/2026   657.47 Y27c L119627 07/04/2026 07/04/2026 Libro
        Biblioteca Prof. Eusebio Cleto del Rey Biblioteca Prof. Eusebio Cleto del Rey   07/04/2026   657.47 Y27c L125266 07/04/2026 07/04/2026 Libro
        Biblioteca Prof. Eusebio Cleto del Rey Biblioteca Prof. Eusebio Cleto del Rey   07/04/2026   657.47 Y27c L125267 07/04/2026 07/04/2026 Libro
        Biblioteca Prof. Eusebio Cleto del Rey Biblioteca Prof. Eusebio Cleto del Rey   07/04/2026   657.47 Y27c L125268 07/04/2026 07/04/2026 Libro